Wszystkie ronda w Łodzi - Statystyki

Ogólne statystyki
  • Ten quiz został rozwiązany 13 razy
  • Średni wynik to 5 z 27
Statystyki odpowiedzi
Dzielnica Rondo % Poprawnych
Górna Lotników Lwowskich
82%
Śródmieście Solidarności
64%
Widzew Inwalidów
55%
Górna Władysława Broniewskiego
55%
Górna Insurekcji Kościuszkowskiej
45%
Widzew Sybiraków
36%
Bałuty majora Alfreda Michała Biłyka
27%
Bałuty Powstańców 1863 r.
27%
Bałuty Wojciecha Korfantego
27%
Widzew Żołnierzy Wyklętych
18%
Widzew Grembach
9%
Bałuty Kazimierza Sosnkowskiego
9%
Widzew Łódzkich Motocyklistów
9%
Widzew Marka Edelmana
9%
Bałuty Rotmistrza Witolda Pileckiego
9%
Bałuty Błogosławionego Ojca Rafała Chylińskiego
0%
Widzew Bolesława Fichny
0%
Bałuty Edmunda Romana Orlika
0%
Polesie Generała Władysława Andersa
0%
Górna Henryka Pietrzaka
0%
Widzew Jacka Tramiela
0%
Widzew Jana Kowalewskiego
0%
Śródmieście Jezuitów
0%
Bałuty Lucjana Muszyńskiego
0%
Bałuty Marii Jasińskiej
0%
Widzew Wacława Bobrowskiego
0%
Górna Zbigniewa Zakrzewskiego
0%
Nie znaleziono quizów pasujących do podanych kryteriów
Rozkład punktacji
Procent ludzi z każdym wynikiem
Percentyl według liczby udzielonych odpowiedzi
Twoja historia wyników
Nie rozwiązałeś tego quizu